000 00537nam a2200193Ia 4500
999 _c10005
_d10005
003 OSt
005 20191218123857.0
008 190216s9999||||xx |||||||||||||| ||und||
020 _a8171881440
040 _coclc
082 _a338.954
_bKAP/I
100 _aKapila, Uma
_9489
245 0 _aIndian Economy Since Independence /
_cUma Kapila
250 _a1st ed.
260 _bAcademic Foundation,
_c1999.
_aDelhi:
300 _a1000p
650 _aEconomics
942 _cBK
_2ddc
_h338.954
_iKAP/I
_k338.954
_mKAP/I